000 00738nam a2200289Ia 4500
005 20260324124557.0
008 008 260324s9999 xx 000 0 eng d
020 _a9781849775199
037 _aEBOOK
040 _aCRL
040 _beng
040 _cCRL
041 _2eng
041 _aeng
084 _qCRL
100 _aSarah A. Laird; Rachel P. Wynberg; Rebecca J. McLain
_91174688
245 0 _aWild Product Governance
245 0 _bFinding Policies that Work for Non-Timber Forest Products
260 _bTaylor and Francis
260 _c2010
365 _a
365 _b230
856 _uhttp://www.taylorfrancis.com/books/9781849775199
942 _cEBOOK
999 _c1769187
_d1769187